Readings in Juvenile Justice Administration : (Record no. 619817)

MARC details
000 -LEADER
fixed length control field 00525nam a2200193 a 4500
008 - FIXED-LENGTH DATA ELEMENTS--GENERAL INFORMATION
fixed length control field 260424s1999##################000#0#eng##
020 ## - INTERNATIONAL STANDARD BOOK NUMBER
ISBN 9780195104059
082 04 - DEWEY DECIMAL CLASSIFICATION NUMBER
Classification number 345.4305FEL
100 1# - MAIN ENTRY--AUTHOR NAME
Personal name Feld, Barry C.,
245 10 - TITLE STATEMENT
Title Readings in Juvenile Justice Administration :
260 ## - PUBLICATION, DISTRIBUTION, ETC. (IMPRINT)
Name of publisher Oxford University Press on Demand,
Year of publication 1999.
300 ## - PHYSICAL DESCRIPTION
Number of Pages 372 pages
650 #0 - SUBJECT ADDED ENTRY--TOPICAL TERM
Topical Term Law.
942 ## - ADDED ENTRY ELEMENTS (KOHA)
Koha item type English Books
Holdings
Withdrawn status Lost status Damaged status Not for loan Home library Current library Date acquired Full call number Accession Number Price effective from Koha item type
        Anna Centenary Library Anna Centenary Library 24.04.2026 345.4305FEL 200045 24.04.2026 English Books

Find us on the map